000 00360nam a22001457a 4500
008 210305b ||||| |||| 00| 0 eng d
020 _a9780316368384
041 _aeng
080 _22nd
_a61
082 _a61
100 _a3
101 _aSHM
245 _aPostoperative Critical Care of the Massachusetts General Hospital
_cHoffman, W. J
942 _2udc
_cBK
999 _c55877
_d55877